01315nam a2200301 450000100060000000300080000600500170001400800390003103500190007004000270008904100080011608200280012410000330015224501010018525000120028626000490029830000390034750000570038650400370044365100500048065100500053070000420058070000490062294200120067199900170068395201590070095201540085934885BD-RjUL20211209052227.0141519s1972 ii b b 001 0beng a(BD-RjUL)34979 aDLCcDLCdBD-RjULbeng aeng00a301.363095414bGHC 19721 aGhosh, Murarid1931-910619410aCalcutta :ba study in urban growth dynamics /cMurari Ghosh, Alok K. Dutta [and] Biswanath Ray. a1st ed. aCalcutta :bFirma K. L. Mukhopadhyay,c1972. avi, 120 p. :bill., maps ;c22 cm. aOn verso of t.p.: Literary agents: Indica, Calcutta. aIncludes Bibliography and index. 0aKolkata (India)xEconomic conditions.9106195 0aKolkata (India)xPopulationxHistory.91061961 aDutta, Alok K.ejoint author.91061971 aRay, Biswanathd1941-ejoint author.9106198 2ddccBK c34885d34885 00102ddc40718NFICaRUCLbRUCLcReadingd1970-05-27eJonhanathan wren & co.g20.00l0o301.363095414 GHC 1972r2014-05-19 00:00:00tC-1w2014-05-19yBK 00102ddc40708NFICaRUCLbRUCLcStackd1970-05-27eJonathan Wren & Co.g20.00l0o301.363095414 GHC 1972r2014-05-20 00:00:00tC-2w2014-05-20yBK